000 01381nam0a22003251 4500
001 RU\NLR\INFOCOMM_161\5000089348
005 20260406091832.0
010 _910100 экз.
_a87-7321-273-3
035 _a(NLR Aleph) 009316848
090 _a9371630
_c9371630
100 _a20101202d1987 |||y0rusy50 ca
101 0 _adan
102 _aDK
_aRU
105 _aa ||||000|y
200 1 _aPaul Gauguin
_eMesterværker fra russ. museer
_e[Album]
_fForord. af Bent Irve
_g[Сост.: Ася Соломоновна Кантор-Гуковская]
210 _aKøbenhavn
_aL.
_cHamlet
_cAurora
_d1987
215 _a16 с., [13] л. цв. ил.
_cцв. ил., ил.
_d32 см
225 1 _aHamlets kunstgalleri
300 _aВ вып. дан.: Поль Гоген: Альбом
600 1 _aГоген
_bП.
_f1848-1903
_gПоль
_jАльбомы
_2nlr_sh1
686 _aЩ143(4Фр)5-8Гоген
_2rubbk
686 _aЩ101.3(3)
_2rubbk
700 1 _4070
_7ba
_8fre
_aGauguin
_bP.
_f1848-1903
_gPaul
_3RU\NLR\AUTH\770277679
_92649646
702 1 _4220
_7ba
_8rus
_aKantor-Gukovskaja
_bA. S.
_gAsja Solomonovna
_3RU\NLR\AUTH\770282452
_92671586
790 1 _4340
_7ca
_8rus
_aКантор-Гуковская
_bА. С.
_gАся Соломоновна
_3RU\NLR\AUTH\7712707
_9122418
801 1 _aRU
_bNLR
_c20101202
801 0 _aRU
_bNLR
_gPSBO
852 _aNLR
_jЭ АлИс590/2-Г581
942 _cBOOK
980 _aNB